<?xml version="1.0" encoding="UTF-8"?>
<collection xmlns="http://www.loc.gov/MARC21/slim">
 <record>
  <leader>00461pamaa2200145   4500</leader>
  <controlfield tag="001">0000030996</controlfield>
  <controlfield tag="005">20090608090000.0</controlfield>
  <datafield tag="020" ind1="0" ind2="0">
   <subfield code="a">1578701546 </subfield>
  </datafield>
  <datafield tag="082" ind1=" " ind2=" ">
   <subfield code="a">004.62 CIS</subfield>
  </datafield>
  <datafield tag="090" ind1="0" ind2="0">
   <subfield code="a">TK5105.55 </subfield>
   <subfield code="b">CIS 1999</subfield>
  </datafield>
  <datafield tag="245" ind1="1" ind2="0">
   <subfield code="a">CISCO IOS 12.0 solutions for network protocols : </subfield>
   <subfield code="b">vol. I: IP  </subfield>
   <subfield code="c">Cisco systems, Inc.</subfield>
  </datafield>
  <datafield tag="260" ind1="0" ind2="0">
   <subfield code="a">Indiana: </subfield>
   <subfield code="b">Cisco Press, </subfield>
   <subfield code="c">1999.</subfield>
  </datafield>
  <datafield tag="300" ind1=" " ind2=" ">
   <subfield code="a">xxix, 976p.: </subfield>
   <subfield code="b">ill.; </subfield>
   <subfield code="c">24cm.</subfield>
  </datafield>
  <datafield tag="650" ind1="0" ind2="0">
   <subfield code="a">Computer network protocols </subfield>
  </datafield>
  <datafield tag="650" ind1="0" ind2="0">
   <subfield code="a">Pcket switching (Data transmission) </subfield>
  </datafield>
 </record>
</collection>
